Statistics for One-Word Animated Movies

Click here to take the quiz!

General Stats

  • This quiz has been taken 21 times
  • The average score is 23 of 46

Answer Stats

Year of ReleaseAnswerStudio% Correct
1950CinderellaDisney
94%
1992AladdinDisney
89%
2006CarsPixar
83%
1941DumboDisney
78%
1940FantasiaDisney
78%
2013FrozenDisney
78%
1940PinocchioDisney
78%
2009UpPixar
78%
1998AntzDreamworks
72%
1942BambiDisney
72%
2017CocoPixar
72%
2001ShrekDreamworks
72%
2012BravePixar
67%
1998MulanDisney
67%
2016MoanaDisney
61%
2016SingIllumination
61%
2020SoulPixar
61%
2008WALL-EPixar
61%
1997HerculesDisney
56%
2005MadagascarDreamworks
56%
2015MinionsIllumination
56%
2020OnwardPixar
56%
1995PocahontasDisney
56%
2007RatatouillePixar
56%
2011RioBlue Sky
56%
2008BoltDisney
50%
2010TangledDisney
50%
2021LucaPixar
44%
2016ZootopiaDisney
44%
2010MegamindDreamworks
39%
2013PlanesDisney
39%
1999TarzanDisney
39%
2016TrollsDreamworks
39%
2000DinosaurDisney
33%
2011HopIllumination
33%
2005RobotsBlue Sky
33%
2013EpicBlue Sky
22%
2017FerdinandBlue Sky
22%
2015HomeDreamworks
22%
2009PonyoStudio Ghibli
22%
2013TurboDreamworks
22%
2021VivoSony Animation
22%
2019AbominableDreamworks
17%
2015GoosebumpsSony Animation
11%
2005ValiantDisney
6%
2007EnchantedDisney
0%

Score Distribution

Percentile by Number Answered

Percent of People with Each Score

Your Score History

You have not taken this quiz